Catálogo de la Biblioteca Horacio González - Universidad Nacional de General Sarmiento

Desayuno en Tiffany's (Registro nro. 54159)

Detalles MARC
000 -CABECERA
campo de control de longitud fija 01910ngm a22003610a 4500
001 - NÚMERO DE CONTROL
campo de control PT58250
003 - IDENTIFICADOR DEL NÚMERO DE CONTROL
campo de control AR-LpoUNG
005 - FECHA Y HORA DE LA ÚLTIMA TRANSACCIÓN
campo de control 20210202000123.0
007 - CAMPO FIJO DE DESCRIPCIÓN FÍSICA--INFORMACIÓN GENERAL
campo de control de longitud fija vd cvaizq
008 - DATOS DE LONGITUD FIJA--INFORMACIÓN GENERAL
campo de control de longitud fija 191001s2004||||ag |||||||||||||||||eng d
037 ## - FUENTE DE ADQUISICIÓN
Condiciones de disponibilidad $5
040 ## - FUENTE DE LA CATALOGACIÓN
Centro catalogador/agencia de origen AR-LpoUNG
Lengua de catalogación spa
Centro/agencia transcriptor AR-LpoUNG
Normas de descripción aacr
041 ## - CÓDIGO DE LENGUA
Código de lengua del texto/banda sonora o título independiente eng
-- por
-- spa
044 ## - CÓDIGO DEL PAÍS DE LA ENTIDAD EDITORA/PRODUCTORA
Código MARC del país ag
082 0# - NÚMERO DE LA CLASIFICACIÓN DECIMAL DEWEY
Número de clasificación 306.73 636des
100 1# - ENTRADA PRINCIPAL--NOMBRE DE PERSONA
Nombre de persona Edwards, Blake
Término indicativo de función/relación dir.
245 10 - MENCIÓN DE TÍTULO
Título Desayuno en Tiffany's
260 ## - PUBLICACIÓN, DISTRIBUCIÓN, ETC.
Lugar de publicación, distribución, etc. San Luis :
Nombre del editor, distribuidor, etc. AVH,
Fecha de publicación, distribución, etc. 2004.
300 ## - DESCRIPCIÓN FÍSICA
Extensión DVD (114 min.) : son., col.
505 0# - NOTA DE CONTENIDO CON FORMATO
Nota de contenido con formato Hecha en 1961 en Estados Unidos. Guión: George Axelrod. Basada en la novela de Truman Capote. Dirección artística: Hal Pereira, Roland Anderson. Fotografía: Franz Planer, Philip H. Lathrop. Música: Henry Mancini. Producción: Martin Jurow, Richard Shepherd. Reparto: Audrey Hepburn, George Peppard, Patricia Neal, Buddy Ebsen. Subtitulada en inglés, portugués y castellano. ATP.
520 ## - SUMARIO, ETC.
Sumario, etc. Basada en una adaptación libre de la novela hómonima escrita por Truman Capote, Desayuno con diamantes es la historia de Holly Golightly, una bella joven un tanto excéntrica, inmersa en un mundo idealizado que no existe, que sueña con alcanzar el estrellato y convertirse en una actriz de éxito. Cada día desayuna frente a una imponente joyería. Su vida cambia cuando a su edificio llega Paul Varjack, un escritor frustrado que también anhela el éxito pero cuya esperanza se encuentra bastante maltrecha tras muchos intentos sin éxito. Paul vive mantenido por una mujer mayor a quien no quiere. Cuando los caminos de ambos deciden cruzarse, sus vidas cambian para siempre.
650 #4 - PUNTO DE ACCESO ADICIONAL DE MATERIA--TÉRMINO DE MATERIA
Término de materia o nombre geográfico como elemento de entrada ASPECTOS SOCIALES
650 #4 - PUNTO DE ACCESO ADICIONAL DE MATERIA--TÉRMINO DE MATERIA
Término de materia o nombre geográfico como elemento de entrada ESTADOS UNIDOS
650 #4 - PUNTO DE ACCESO ADICIONAL DE MATERIA--TÉRMINO DE MATERIA
Término de materia o nombre geográfico como elemento de entrada MATRIMONIO
650 #4 - PUNTO DE ACCESO ADICIONAL DE MATERIA--TÉRMINO DE MATERIA
Término de materia o nombre geográfico como elemento de entrada RELACIONES HUMANAS
653 ## - TÉRMINO DE INDIZACIÓN--NO CONTROLADO
Término no controlado CINE ESTADOUNIDENSE
653 ## - TÉRMINO DE INDIZACIÓN--NO CONTROLADO
Término no controlado COMEDIA
653 ## - TÉRMINO DE INDIZACIÓN--NO CONTROLADO
Término no controlado DVD
653 ## - TÉRMINO DE INDIZACIÓN--NO CONTROLADO
Término no controlado ROMANTICA
653 ## - TÉRMINO DE INDIZACIÓN--NO CONTROLADO
Término no controlado VIDEOS
905 ## - ELEMENTOS DE DATOS E LOCAL, LDE (RLIN)
a 58250
942 ## - ELEMENTOS DE PUNTO DE ACCESO ADICIONAL (KOHA)
Tipo de ítem Koha DVD
Existencias
Estado de retiro Estado de pérdida Estado dañado No para préstamo Código de colección Localización permanente Ubicación/localización actual Fecha de adquisición Total de préstamos Signatura topográfica completa Código de barras Fecha visto por última vez Precio válido a partir de Tipo de ítem Koha
        Colección Cine Biblioteca Universidad Nacional de General Sarmiento Biblioteca Universidad Nacional de General Sarmiento 02/02/2021   306.73 636des 00062745 02/02/2021 02/02/2021 DVD
        Colección Cine Biblioteca Universidad Nacional de General Sarmiento Biblioteca Universidad Nacional de General Sarmiento 02/02/2021   306.73 636des 00062746 02/02/2021 02/02/2021 DVD
        Colección Cine Biblioteca Universidad Nacional de General Sarmiento Biblioteca Universidad Nacional de General Sarmiento 02/02/2021   306.73 636des 00062747 02/02/2021 02/02/2021 DVD